Voyages over voices : critical essays on Anne Stevenson /

Bibliographic Details
Other Authors: Leighton, Angela, 1954-
Format: Book
Language:English
Published: Liverpool : Liverpool University Press, 2010.
Series:Liverpool English texts and studies ; 59.
Subjects:

MARC

Tag First Indicator Second Indicator Subfields
LEADER 00000cam a2200000 a 4500
001 in00002640821
005 20151202113522.0
008 100326s2010 enk b 001 0 eng d
020 |a 9781846314841 
020 |a 1846314844 
035 |a (OCoLC)ocn587209599 
040 |a BTCTA  |c BTCTA  |d YDX  |d BWK  |d NLE  |d MIA  |d VGM  |d MUU  |d VGM  |d TXA  |d UtOrBLW 
049 |a TXAM 
082 0 |a 820.8009 
090 |a PR6069.T45  |b Z8 2010 
245 0 0 |a Voyages over voices :  |b critical essays on Anne Stevenson /  |c edited by Angela Leighton. 
246 1 4 |a Critical essays on Anne Stevenson 
264 1 |a Liverpool :  |b Liverpool University Press,  |c 2010. 
300 |a ix, 257 pages ;  |c 25 cm. 
336 |a text  |b txt  |2 rdacontent 
337 |a unmediated  |b n  |2 rdamedia 
338 |a volume  |b nc  |2 rdacarrier 
490 1 |a Liverpool English texts and studies ;  |v 59 
504 |a Includes bibliographical references and indexes. 
505 0 0 |t "Making poetry" /  |r Anne Stevenson --  |t "Voyages over voices": introduction /  |r Angela Leighton --  |t The melting metaphor /  |r Anne Stevenson --  |t "Between us": letters and poems of Stevenson and Bishop /  |r Jonathan Ellis --  |t Mothers, mirrors, doubles: Anne Stevenson's elegies for Sylvia Plath /  |r Adam Piette --  |t Staging second thoughts: the poetry of Anne Stevenson /  |r John Redmond --  |t "Making poetry": the exemplary Anne Stevenson /  |r John Lucas --  |t "A curved adventure": romanticism and the poetry of Anne Stevenson /  |r Michael O'Neill --  |t The nature of Anne Stevenson /  |r Jay Parini --  |t Anne Stevenson and the poetry of place /  |r Sean Pryor --  |t Compacting time: Anne Stevenson's poems of memory /  |r Emily R. Grosholz --  |t "Not exactly a persona": pronouns in Anne Stevenson's poetry /  |r Sara Johnson --  |t "To serve a girl on terrible terms": Anne Stevenson's writing selves /  |r Emma Jones --  |t Talking and singing: Anne Stevenson's variations on a rhythmical theme /  |r Carol Rumens --  |t "Time will erase": Anne Stevenson and elegy /  |r Tim Kendall --  |t Observing the overhearing: the Anne Stevenson papers in Cambridge University Library /  |r John Wells --  |t Bibliography of Anne Stevenson's published works /  |r John Wells. 
600 1 0 |a Stevenson, Anne,  |d 1933 January 3-  |x Criticism and interpretation. 
700 1 |a Leighton, Angela,  |d 1954- 
830 0 |a Liverpool English texts and studies ;  |v 59. 
945 |a PromptCat 
948 |a cataloged  |b h  |c 2010/12/20  |d c  |e dmitchel  |f 3:00:00 pm 
994 |a C0  |b TXA 
999 |a MARS 
999 f f |s a3ae8e80-415e-35a4-a0dd-4c7ad5acb862  |i 58d3054e-fe8c-3c3b-bcfa-056300ddfa18  |t 0 
952 f f |p normal  |a Texas A&M University  |b College Station  |c Sterling C. Evans Library  |d Evans: Library Stacks  |t 0  |e PR6069.T45 Z8 2010  |h Library of Congress classification  |i unmediated -- volume  |m A14839779756 
998 f f |a PR6069.T45 Z8 2010  |t 0  |l Evans: Library Stacks